[Event "II Festival Capo d'Orso"]
[Site "Portomannu - Palau ITA"]
[Date "2008.05.17"]
[Round "1"]
[White "De Jong, Jan-Willem"]
[Black "Schacht, Holger"]
[Result "1-0"]
[WhiteElo "2474"]
[BlackElo "2240"]
[PlyCount "73"]
[EventDate "2008.05.17"]

1. d4 d5 2. c4 e6 3. Nc3 c5 4. cxd5 exd5 5. Nf3 Nc6 6. g3 Nf6 7. Bg2 Be7 8. O-O
O-O 9. dxc5 Bxc5 10. Bg5 d4 11. Bxf6 Qxf6 12. Nd5 Qd8 13. Ne1 Re8 14. Nd3 Bb6
15. Qd2 Bf5 16. Qf4 Be6 17. Nxb6 axb6 18. a3 Ra5 19. Rfe1 Rf5 20. Qd2 Bd5 21.
Bxd5 Qxd5 22. Rad1 h5 23. Nf4 Qe4 24. Qd3 h4 25. Qxe4 Rxe4 26. f3 Re7 27. Kf2
hxg3+ 28. hxg3 g5 29. Nd3 Re3 30. Rh1 Ne7 31. Rc1 g4 32. f4 Rf6 33. Rh4 Rg6 34.
Ne5 Rg7 35. Nxg4 Re6 36. f5 Rc6 37. f6 1-0

[Event "II Festival Capo d'Orso"]
[Site "Portomannu - Palau ITA"]
[Date "2008.05.17"]
[Round "1"]
[White "Fathallah, Joe"]
[Black "Dessy, Eugenio"]
[Result "1-0"]
[WhiteElo "1970"]
[BlackElo "1707"]
[PlyCount "45"]
[EventDate "2008.05.17"]

1. d4 Nf6 2. c4 g6 3. Nc3 Bg7 4. e4 d6 5. f3 O-O 6. Be3 e5 7. d5 a5 8. Qd2 Nbd7
9. Nge2 Nc5 10. g4 c6 11. Ng3 cxd5 12. cxd5 Bd7 13. O-O-O Rc8 14. Kb1 a4 15. h4
a3 16. b3 h5 17. gxh5 Nxh5 18. Nxh5 gxh5 19. Bh6 Kh7 20. Bxg7 Kxg7 21. Rg1+ Kh7
22. Rg5 Qf6 23. Rxh5+ 1-0

[Event "II Festival Capo d'Orso"]
[Site "Portomannu - Palau ITA"]
[Date "2008.05.17"]
[Round "1"]
[White "Galassi, Federico"]
[Black "Grosse Honebrink, Brigitte"]
[Result "1-0"]
[WhiteElo "2145"]
[BlackElo "1929"]
[PlyCount "35"]
[EventDate "2008.05.17"]

1. e4 c5 2. Nf3 Nc6 3. Bb5 Qb6 4. Nc3 e6 5. Bxc6 Qxc6 6. O-O Nf6 7. Re1 Be7 8.
d4 d6 9. dxc5 dxc5 10. Bg5 O-O 11. e5 Nd5 12. Qd3 h6 13. Nxd5 Bd6 14. exd6 exd5
15. Be7 Re8 16. Ne5 Qb6 17. Qxd5 Be6 18. Qd2 1-0

[Event "II Festival Capo d'Orso"]
[Site "Portomannu - Palau ITA"]
[Date "2008.05.17"]
[Round "1"]
[White "Haslinger, Stewart G."]
[Black "Spielmann, Alain"]
[Result "1-0"]
[WhiteElo "2500"]
[BlackElo "2308"]
[PlyCount "123"]
[EventDate "2008.05.17"]

1. e4 d6 2. d4 Nf6 3. Nc3 g6 4. Be3 c6 5. Qd2 b5 6. Bd3 Nbd7 7. Nf3 e5 8. O-O
Bb7 9. dxe5 dxe5 10. Bh6 Bxh6 11. Qxh6 Ng4 12. Qg7 Qf6 13. Qxf6 Ngxf6 14. b4 a5
15. Rfb1 axb4 16. Rxb4 Ra3 17. Rb3 Rxb3 18. axb3 Kd8 19. b4 Kc7 20. Nd2 Ra8 21.
Rf1 Nh5 22. g3 Ng7 23. Nb3 Ne6 24. Rd1 Rd8 25. Ra1 Ra8 26. Rc1 Rd8 27. Kf1 Nb6
28. Ke1 Nd4 29. Nxd4 Rxd4 30. Kd1 Rd8 31. f4 Bc8 32. Ke1 Kb7 33. Ke2 Bg4+ 34.
Ke3 exf4+ 35. gxf4 Be6 36. h4 Nc4+ 37. Bxc4 Bxc4 38. e5 Bd5 39. Rd1 Rc8 40.
Nxd5 cxd5 41. Rxd5 Rxc2 42. Rd7+ Kc6 43. Rxf7 Rc3+ 44. Ke4 Rc4+ 45. Kf3 Rxb4
46. Rxh7 Rb3+ 47. Kg4 Rb1 48. Rh8 Rg1+ 49. Kf3 Kb7 50. h5 b4 51. hxg6 b3 52.
Rh7+ Kc6 53. Rh2 Kd5 54. Rd2+ Kc4 55. f5 Rf1+ 56. Ke4 Re1+ 57. Kf4 Kc3 58. Rg2
Rf1+ 59. Kg5 Rc1 60. g7 Rc2 61. Rg3+ Kc4 62. g8=Q+ 1-0

[Event "II Festival Capo d'Orso"]
[Site "Portomannu - Palau ITA"]
[Date "2008.05.17"]
[Round "1"]
[White "Hillarp Persson, Tiger"]
[Black "Hess, Christian Mathias"]
[Result "1-0"]
[WhiteElo "2491"]
[BlackElo "2281"]
[PlyCount "81"]
[EventDate "2008.05.17"]

1. g3 e5 2. Bg2 Nc6 3. c4 g6 4. Nc3 Bg7 5. d3 d6 6. Rb1 f5 7. b4 a6 8. e4 Nf6
9. Nge2 O-O 10. O-O f4 11. gxf4 Nh5 12. Nd5 Qh4 13. f5 gxf5 14. Nxc7 f4 15. f3
Ra7 16. b5 axb5 17. cxb5 Ne7 18. b6 Ra5 19. Bb2 Rc5 20. Rc1 Kh8 21. Rxc5 dxc5
22. Qc2 Rg8 23. Qxc5 Bf6 24. Rf2 Bh3 25. Kf1 Bxg2+ 26. Rxg2 Qh3 27. Qf2 Bh4 28.
Ng1 Bxf2 29. Nxh3 Rxg2 30. Kxg2 Bxb6 31. Nb5 Be3 32. Bc3 Nc6 33. Nd6 Bd4 34.
Bxd4 exd4 35. a3 Ne5 36. Nf2 b6 37. Nb5 Nc6 38. Kf1 Ng7 39. Nc7 Ne5 40. Ke2 Nh5
41. Ne6 1-0

[Event "II Festival Capo d'Orso"]
[Site "Portomannu - Palau ITA"]
[Date "2008.05.17"]
[Round "1"]
[White "Kekki, Petri"]
[Black "Ciobanu, Camelia-Adriana"]
[Result "0-1"]
[WhiteElo "2411"]
[BlackElo "2205"]
[PlyCount "68"]
[EventDate "2008.05.17"]

1. d4 e6 2. Nf3 Nf6 3. e3 b6 4. Bd3 Bb7 5. O-O Be7 6. c4 Be4 7. Nc3 Bxd3 8.
Qxd3 d5 9. e4 dxe4 10. Nxe4 c6 11. Bf4 O-O 12. Ne5 Qc8 13. Rfe1 Nbd7 14. Ng3
Nxe5 15. dxe5 Nd7 16. Rad1 Nc5 17. Qf3 a5 18. Qg4 Kh8 19. Nh5 Rg8 20. Rd4 Qe8
21. Red1 f5 22. Qe2 Qf7 23. Be3 a4 24. R4d2 Ne4 25. Rd7 a3 26. Ng3 axb2 27.
Nxe4 Rxa2 28. Nd6 Qg6 29. Rxe7 Rga8 30. Qd3 Ra1 31. Nf7+ Kg8 32. Ng5 f4 33.
Rxg7+ Kxg7 34. Qd7+ Kg8 0-1

[Event "II Festival Capo d'Orso"]
[Site "Portomannu - Palau ITA"]
[Date "2008.05.17"]
[Round "1"]
[White "Korneev, Oleg"]
[Black "Piscopo, Pierluigi"]
[Result "1-0"]
[WhiteElo "2651"]
[BlackElo "2379"]
[PlyCount "117"]
[EventDate "2008.05.17"]

1. e4 c5 2. Nf3 Nc6 3. d4 cxd4 4. Nxd4 Nf6 5. Nc3 e5 6. Ndb5 d6 7. Bg5 a6 8.
Na3 b5 9. Nd5 Be7 10. Bxf6 Bxf6 11. c4 b4 12. Nc2 a5 13. Qf3 Bg5 14. Rd1 h5 15.
Be2 h4 16. c5 dxc5 17. Bb5 Bd7 18. Bxc6 Bxc6 19. Ndxb4 axb4 20. Rxd8+ Rxd8 21.
O-O O-O 22. Qg4 Bf6 23. Qe2 Rd7 24. Qc4 Rb8 25. Qxc5 Bxe4 26. Ne3 Bd3 27. Rd1
e4 28. Nd5 Bd8 29. Nxb4 Bb6 30. Qc6 Bb5 31. Rxd7 Bxc6 32. Nxc6 Ra8 33. a3 e3
34. Kf1 Re8 35. fxe3 Rxe3 36. Ne7+ Kf8 37. Nd5 Re6 38. b4 g5 39. Nxb6 Rxb6 40.
Rd5 Rf6+ 41. Ke2 g4 42. Ke3 h3 43. gxh3 Rf3+ 44. Ke4 Rxh3 45. Kf4 Rxa3 46. Kxg4
Rb3 47. b5 Ke7 48. h4 Ke6 49. Rc5 Kd6 50. Rf5 Ke6 51. h5 Rb1 52. Rc5 Rb4+ 53.
Kg5 f6+ 54. Kg6 Rg4+ 55. Kh7 f5 56. b6 Rb4 57. Rc6+ Kd7 58. Rf6 Rb5 59. Kg7 1-0

[Event "II Festival Capo d'Orso"]
[Site "Portomannu - Palau ITA"]
[Date "2008.05.17"]
[Round "1"]
[White "Marani, Luca"]
[Black "Dehmel, Jens"]
[Result "1-0"]
[WhiteElo "1902"]
[BlackElo "2122"]
[PlyCount "37"]
[EventDate "2008.05.17"]

1. e4 e6 2. d4 d5 3. Nc3 Bb4 4. e5 Bf8 5. Qg4 h5 6. Qh3 b6 7. Be2 Ba6 8. Bf3 c5
9. Be3 cxd4 10. Bxd4 Nc6 11. Nge2 Nge7 12. O-O-O Nf5 13. Rhe1 Rc8 14. Bxd5
Ncxd4 15. Nxd4 Nxd4 16. Rxd4 Rxc3 17. Qxc3 exd5 18. e6 f6 19. Qc6+ 1-0

[Event "II Festival Capo d'Orso"]
[Site "Portomannu - Palau ITA"]
[Date "2008.05.17"]
[Round "1"]
[White "Mascellani, Marco"]
[Black "Godena, Michele"]
[Result "0-1"]
[WhiteElo "2309"]
[BlackElo "2528"]
[PlyCount "50"]
[EventDate "2008.05.17"]

1. e4 e5 2. Nf3 Nc6 3. Bc4 Bc5 4. Nc3 Nf6 5. d3 d6 6. Be3 Bxe3 7. fxe3 Na5 8.
Bb3 Nxb3 9. axb3 O-O 10. O-O Bd7 11. Qe1 h6 12. Nh4 Nh7 13. Nf5 g6 14. Nh4 c6
15. h3 Qe7 16. g4 h5 17. gxh5 Qg5+ 18. Kh2 Qxh5 19. Qg3 Ng5 20. Rf6 Be6 21. Rg1
Kg7 22. Rf2 Nxh3 23. Nf5+ Bxf5 24. Rxf5 Ng5+ 25. Kg2 gxf5 0-1

[Event "II Festival Capo d'Orso"]
[Site "Portomannu - Palau ITA"]
[Date "2008.05.17"]
[Round "1"]
[White "Menato, Nazario"]
[Black "Di Cicco, Daniela"]
[Result "1-0"]
[WhiteElo "1532"]
[BlackElo "1281"]
[PlyCount "39"]
[EventDate "2008.05.17"]

1. Nf3 d5 2. d3 Nf6 3. g3 e6 4. Bg2 Be7 5. Nbd2 O-O 6. O-O c5 7. e4 dxe4 8.
dxe4 Nc6 9. c3 b6 10. Re1 Bb7 11. Qc2 Qc7 12. Nf1 e5 13. Ne3 Rad8 14. Nf5 h6
15. N3h4 Kh7 16. Qe2 h5 17. h3 Ng8 18. Qxh5+ Nh6 19. Bxh6 gxh6 20. Qxh6+ 1-0

[Event "II Festival Capo d'Orso"]
[Site "Portomannu - Palau ITA"]
[Date "2008.05.17"]
[Round "1"]
[White "Muhren, Willem"]
[Black "Garcia Palermo, Carlos Horacio"]
[Result "0-1"]
[WhiteElo "2240"]
[BlackElo "2465"]
[PlyCount "78"]
[EventDate "2008.05.17"]

1. e4 c6 2. Ne2 d5 3. e5 c5 4. d4 Nc6 5. c3 cxd4 6. cxd4 Bf5 7. Nbc3 e6 8. a3
Nge7 9. Be3 Nc8 10. Ng3 Bg6 11. Be2 Nb6 12. b3 Be7 13. O-O Rc8 14. Qd2 O-O 15.
f4 Qd7 16. Bg4 f5 17. exf6 Rxf6 18. Rfe1 Na5 19. Qb2 Bd6 20. Bd2 Nc6 21. Be3
Qf7 22. Rf1 h5 23. Bh3 h4 24. Nge2 Bf5 25. Bxf5 exf5 26. Nc1 Re6 27. Qf2 Qe7
28. Nd1 Re8 29. Re1 Nxd4 30. Rb1 Nc6 31. Nd3 d4 32. Bd2 Rxe1+ 33. Bxe1 Qe4 34.
N1b2 Bxa3 35. Rd1 Bxb2 36. Qxb2 h3 37. gxh3 Nd5 38. Bg3 Nc3 39. Re1 Ne2+ 0-1

[Event "II Festival Capo d'Orso"]
[Site "Portomannu - Palau ITA"]
[Date "2008.05.17"]
[Round "1"]
[White "Nardone, Massimo"]
[Black "Hocevar, Nikola"]
[Result "0-1"]
[WhiteElo "1883"]
[BlackElo "2111"]
[PlyCount "58"]
[EventDate "2008.05.17"]

1. c4 e6 2. Nc3 d5 3. d4 Nf6 4. Bg5 c5 5. Nf3 cxd4 6. Nxd4 e5 7. Bxf6 gxf6 8.
Nc2 d4 9. Nb1 Bf5 10. g3 Qa5+ 11. Qd2 Qxd2+ 12. Kxd2 Bh6+ 13. Kd1 Nc6 14. Nba3
O-O-O 15. Bg2 d3 16. Ne3 Bxe3 17. fxe3 dxe2+ 18. Kxe2 Bg4+ 19. Bf3 Bxf3+ 20.
Kxf3 Rd2 21. b3 f5 22. Nb1 Rc2 23. Na3 Rb2 24. Rhd1 a6 25. c5 Rg8 26. Rf1 Rxh2
27. Nc4 Kd7 28. Nd6 Ke6 29. e4 Nd4+ 0-1

[Event "II Festival Capo d'Orso"]
[Site "Portomannu - Palau ITA"]
[Date "2008.05.17"]
[Round "1"]
[White "Puzzoni, Christian"]
[Black "Antoniacci, Riccardo"]
[Result "1-0"]
[WhiteElo "2114"]
[BlackElo "1893"]
[PlyCount "77"]
[EventDate "2008.05.17"]

1. e4 e5 2. Nf3 Nc6 3. d4 exd4 4. c3 dxc3 5. Bc4 Nf6 6. Nxc3 Bb4 7. O-O d6 8.
Bg5 Bxc3 9. bxc3 Be6 10. Bxe6 fxe6 11. Qb3 Qd7 12. e5 Ne4 13. exd6 cxd6 14.
Rfe1 Nc5 15. Qc4 O-O 16. Rad1 b6 17. Qg4 Rf5 18. Bh6 d5 19. c4 Kh8 20. Rxe6
Nxe6 21. Qxf5 gxh6 22. cxd5 Rd8 23. Rd2 Ng5 24. Qf4 Nxf3+ 25. Qxf3 Qg7 26. h4
Ne5 27. Qe4 Ng4 28. g3 Nf6 29. Qf3 Nd7 30. Re2 Qf6 31. Qa3 a5 32. Re6 Qf8 33.
Qc3+ Kg8 34. Qd4 Qf5 35. Re4 Nc5 36. Rg4+ Kf7 37. Rf4 Kg6 38. h5+ Kg5 39. Qg7+
1-0

[Event "II Festival Capo d'Orso"]
[Site "Portomannu - Palau ITA"]
[Date "2008.05.17"]
[Round "1"]
[White "Razzano, Lorenzo"]
[Black "Cardili, Mariano"]
[Result "0-1"]
[WhiteElo "1895"]
[BlackElo "2118"]
[PlyCount "94"]
[EventDate "2008.05.17"]

1. e4 c6 2. d4 d5 3. e5 Bf5 4. h4 h5 5. c4 e6 6. Bg5 Be7 7. Qd2 dxc4 8. Bxc4
Nd7 9. Nc3 Nb6 10. Bb3 Bxg5 11. hxg5 Ne7 12. Nge2 Qd7 13. Ng3 O-O-O 14. Rd1 h4
15. Nge4 Bxe4 16. Nxe4 Nf5 17. g6 Nd5 18. gxf7 Qxf7 19. Rh3 Rh5 20. Bxd5 Rxd5
21. Qb4 Qg6 22. Rb3 Qf7 23. Nc5 b6 24. Qa4 Nxd4 25. Rxd4 Rhxe5+ 26. Ne4 c5 27.
Rxd5 exd5 28. Re3 Rxe4 29. Qc6+ Kb8 30. Qd6+ Kb7 31. Rxe4 dxe4 32. Qe5 Qc4 33.
Qxg7+ Ka6 34. Qh6 Qxa2 35. Qd2 Qb1+ 36. Ke2 Qd3+ 37. Qxd3+ exd3+ 38. Kxd3 Kb7
39. f4 Kc6 40. Ke4 c4 41. Ke5 b5 42. f5 b4 43. f6 Kd7 44. Kd4 c3 45. bxc3 bxc3
46. Kxc3 Ke6 47. f7 Kxf7 0-1

[Event "II Festival Capo d'Orso"]
[Site "Portomannu - Palau ITA"]
[Date "2008.05.17"]
[Round "1"]
[White "Rowson, Jonathan"]
[Black "Friedrich, Norbert"]
[Result "1-0"]
[WhiteElo "2582"]
[BlackElo "2323"]
[PlyCount "121"]
[EventDate "2008.05.17"]

1. d4 d5 2. c4 c6 3. Nf3 Nf6 4. e3 e6 5. Bd3 Nbd7 6. b3 Bb4+ 7. Bd2 Bd6 8. Nc3
O-O 9. Qc2 a6 10. Ne2 e5 11. cxd5 cxd5 12. dxe5 Nxe5 13. Nxe5 Bxe5 14. Bc3 Qe7
15. Bxe5 Qxe5 16. Qc3 Qxc3+ 17. Nxc3 Bd7 18. f3 Rac8 19. Ne2 Rc7 20. Kf2 Rfc8
21. Rhd1 Kf8 22. g4 h6 23. Rd2 Be6 24. h3 Ke7 25. Rad1 Nd7 26. Bb1 Nf6 27. Rd4
Rc5 28. f4 R5c7 29. Rg1 Kf8 30. Bd3 Re8 31. Rb4 Bd7 32. Rc1 Rec8 33. Rd1 Re8
34. Nd4 Bc8 35. Nf3 Ne4+ 36. Bxe4 dxe4 37. Nd4 Bd7 38. Rb6 Ke7 39. f5 Rd8 40.
Kg3 Bc8 41. Rf1 Rc3 42. Kf4 Kd7 43. h4 Kc7 44. Rb4 Re8 45. Ne2 Rd3 46. Rc1+ Kb8
47. Rc2 Rd1 48. Ng3 Bd7 49. Rxe4 Rxe4+ 50. Kxe4 Bb5 51. Kf4 Bd3 52. Rc3 Rd2 53.
e4 Bb1 54. a3 Rh2 55. e5 Rxh4 56. Rc1 Ba2 57. e6 fxe6 58. fxe6 Bxb3 59. e7 Bf7
60. Re1 Be8 61. Nf5 1-0

[Event "II Festival Capo d'Orso"]
[Site "Portomannu - Palau ITA"]
[Date "2008.05.17"]
[Round "1"]
[White "Russo, Roberto"]
[Black "Vita, Fabrizio"]
[Result "0-1"]
[WhiteElo "1840"]
[BlackElo "2082"]
[PlyCount "40"]
[EventDate "2008.05.17"]

1. e4 c5 2. Nf3 g6 3. c3 Bg7 4. d4 cxd4 5. cxd4 d5 6. e5 Bg4 7. Nc3 Nc6 8. Be2
Nh6 9. h3 Bxf3 10. Bxf3 e6 11. Be3 Nf5 12. O-O Qb6 13. Ne2 O-O 14. Rb1 f6 15.
Bg4 fxe5 16. Bxf5 Rxf5 17. dxe5 Qa5 18. Qb3 Qa6 19. Ng3 Rxe5 20. f4 Rxe3 0-1

[Event "II Festival Capo d'Orso"]
[Site "Portomannu - Palau ITA"]
[Date "2008.05.17"]
[Round "1"]
[White "Santiloni, Stefano"]
[Black "Cerusico, Carlo"]
[Result "1-0"]
[WhiteElo "1596"]
[BlackElo "1385"]
[PlyCount "35"]
[EventDate "2008.05.17"]

1. e4 e6 2. d4 d5 3. Nc3 dxe4 4. Nxe4 c5 5. Nf3 cxd4 6. Qxd4 Qxd4 7. Nxd4 a6 8.
Bd3 Bd7 9. O-O Nc6 10. Nxc6 Bxc6 11. Bf4 O-O-O 12. Rad1 Be7 13. Rfe1 h6 14. a3
g5 15. Be5 f6 16. Bc3 h5 17. Nxg5 Nh6 18. Rxe6 1-0

[Event "II Festival Capo d'Orso"]
[Site "Portomannu - Palau ITA"]
[Date "2008.05.17"]
[Round "1"]
[White "Schaefer, Michael"]
[Black "Salzano, Guido"]
[Result "1-0"]
[WhiteElo "2194"]
[BlackElo "1981"]
[PlyCount "119"]
[EventDate "2008.05.17"]

1. c4 Nf6 2. g3 c6 3. Nf3 d5 4. Bg2 e6 5. O-O Nbd7 6. d4 Be7 7. Qc2 O-O 8. Rd1
b6 9. b3 Bb7 10. Nc3 Rc8 11. e4 dxe4 12. Nxe4 Nxe4 13. Qxe4 Bf6 14. Bf4 Qe7 15.
Rac1 Rfd8 16. h4 Nf8 17. Be5 Bxe5 18. Nxe5 Ng6 19. Nd3 Rc7 20. h5 c5 21. Qe2
Bxg2 22. Kxg2 Nf8 23. dxc5 bxc5 24. h6 gxh6 25. Ne5 Ng6 26. Rxd8+ Qxd8 27. Nf3
Qf6 28. Qd2 Rc6 29. Qxh6 e5 30. Rh1 Qg7 31. Qxg7+ Kxg7 32. Rd1 Rc7 33. Rd5 f6
34. Nd2 Ne7 35. Rd6 f5 36. Nb1 Nc6 37. Rd5 Nb4 38. Rxe5 Kf6 39. Re2 Re7 40.
Rxe7 Kxe7 41. Nc3 a6 42. Kf3 Ke6 43. Ke3 Kf6 44. Na4 Nxa2 45. Nxc5 Nb4 46. Nd3
Nc6 47. b4 Kg5 48. b5 axb5 49. cxb5 Na5 50. Ne5 h5 51. f4+ Kf6 52. Nf3 Ke6 53.
Nd4+ Kf6 54. Kd3 Nb7 55. Kc4 Kg6 56. Kd5 h4 57. gxh4 Kh5 58. Nxf5 Kg4 59. Nd6
Nd8 60. f5 1-0

[Event "II Festival Capo d'Orso"]
[Site "Portomannu - Palau ITA"]
[Date "2008.05.17"]
[Round "1"]
[White "Schiappacasse, Marcello"]
[Black "Brugo, Marco"]
[Result "1-0"]
[WhiteElo "1877"]
[BlackElo "2102"]
[PlyCount "147"]
[EventDate "2008.05.17"]

1. e4 e6 2. d4 d5 3. Nd2 Nf6 4. e5 Nfd7 5. Bd3 c5 6. c3 Nc6 7. Ne2 cxd4 8. cxd4
f6 9. exf6 Nxf6 10. Nf3 Bd6 11. Bf4 Bxf4 12. Nxf4 O-O 13. O-O Ne4 14. Ne2 Rxf3
15. gxf3 Ng5 16. f4 Nf3+ 17. Kg2 Nh4+ 18. Kh1 e5 19. dxe5 Bg4 20. f3 Nxf3 21.
Bxh7+ Kh8 22. Qd3 Nb4 23. Qb3 Nd2 24. Qxb4 Nxf1 25. Rxf1 Kxh7 26. Nd4 Rc8 27.
b3 Qh4 28. Qe1 Qh3 29. Qf2 Rc3 30. f5 Rd3 31. f6 Rd2 32. f7 Rxf2 33. Rxf2 Qe3
34. f8=Q Qxd4 35. Qf4 Qd1+ 36. Kg2 d4 37. h3 Be6 38. Qh4+ Kg8 39. Qd8+ Kh7 40.
Qd6 Bg8 41. Qd8 Be6 42. Qd6 Bg8 43. e6 Qe1 44. Qxd4 Qxe6 45. Qh4+ Kg6 46. Qg3+
Kh7 47. Qh4+ Kg6 48. Qg4+ Qxg4+ 49. hxg4 Kg5 50. Kg3 Be6 51. Rc2 Bxg4 52. Rc5+
Bf5 53. Rc7 Be4 54. Rxg7+ Kf6 55. Rd7 Ke6 56. Rd4 Ke5 57. Rd8 Bd5 58. Kf2 Kd4
59. Ke2 a5 60. Kd2 a4 61. b4 Kc4 62. a3 Be4 63. Re8 Bc6 64. Re3 b5 65. Rc3+ Kd5
66. Rc5+ Kd6 67. Kc3 Kc7 68. Kd4 Kb6 69. Ke5 Bf3 70. Kd6 Be2 71. Rc6+ Ka7 72.
Kc5 Bg4 73. Rb6 Be2 74. Rxb5 1-0

[Event "II Festival Capo d'Orso"]
[Site "Portomannu - Palau ITA"]
[Date "2008.05.17"]
[Round "1"]
[White "Scotta, Piergiorgio"]
[Black "Ponti, Martina"]
[Result "1/2-1/2"]
[WhiteElo "1670"]
[BlackElo "1476"]
[PlyCount "78"]
[EventDate "2008.05.17"]

1. c4 c5 2. Nc3 e6 3. g3 Nf6 4. Bg2 Be7 5. Nf3 O-O 6. O-O d5 7. cxd5 exd5 8. d4
Be6 9. b3 Nbd7 10. e3 Rc8 11. Bb2 c4 12. bxc4 Rxc4 13. Ne5 Nxe5 14. dxe5 Ne4
15. Nxe4 dxe4 16. Bd4 Bf5 17. Qh5 g6 18. Qe2 Qc8 19. Bxa7 Bg4 20. Qe1 Bb4 21.
Qb1 Bc3 22. Bd4 Bxa1 23. Qxa1 Bf3 24. e6 Qxe6 25. Rb1 Bxg2 26. Kxg2 Rc2 27. Rb6
Qxa2 28. Qxa2 Rxa2 29. Rxb7 Rc8 30. Re7 Kf8 31. Rxe4 Rcc2 32. Rf4 Ke8 33. g4 h6
34. h4 Ra5 35. Bg7 h5 36. g5 Rca2 37. Re4+ Kd7 38. Rf4 Ke7 39. Rf3 R2a4 1/2-1/2

[Event "II Festival Capo d'Orso"]
[Site "Portomannu - Palau ITA"]
[Date "2008.05.17"]
[Round "1"]
[White "Scrivani, Carlo Giorgio"]
[Black "Vinciguerra, Riccardo"]
[Result "1-0"]
[WhiteElo "1338"]
[BlackElo "1541"]
[PlyCount "121"]
[EventDate "2008.05.17"]

1. e4 d5 2. exd5 Qxd5 3. Nc3 Qd6 4. d4 Nf6 5. Nf3 a6 6. Be2 Bf5 7. Bg5 Nbd7 8.
O-O h6 9. Bh4 O-O-O 10. Bg3 Qb4 11. Rb1 e6 12. a3 Qa5 13. Nd2 Nb6 14. Nb3 Qxc3
15. bxc3 Ne4 16. Qe1 Nxg3 17. fxg3 Bxc2 18. Rb2 Bg6 19. Bf3 Nc4 20. Ra2 Bxa3
21. Nd2 Nxd2 22. Qxd2 Bc5 23. Qe3 Bb6 24. Be4 e5 25. Qf3 exd4 26. Bxb7+ Kb8 27.
Rxa6 dxc3+ 28. Kh1 Ba7 29. Be4 c2 30. Qb3+ Kc8 31. Bxg6 fxg6 32. Qxc2 Rhf8 33.
Rc1 Bb8 34. h3 Rf7 35. Qxg6 Rfd7 36. Qg4 Kb7 37. Raa1 c6 38. Qf3 Rd6 39. Rd1
Rxd1+ 40. Rxd1 Rxd1+ 41. Qxd1 c5 42. Qd7+ Ka8 43. Qxg7 h5 44. Qc3 Bd6 45. Qc4
Kb7 46. Qd5+ Kc7 47. Qxh5 c4 48. g4 c3 49. Qg6 Kc6 50. Qc2 Be5 51. g3 Kd6 52.
Kg2 Ke6 53. h4 Kf6 54. Qf5+ Kg7 55. Qxe5+ Kh7 56. Qxc3 Kh6 57. Qf6+ Kh7 58. Kf3
Kg8 59. h5 Kh7 60. h6 Kg8 61. Qg7# 1-0

[Event "II Festival Capo d'Orso"]
[Site "Portomannu - Palau ITA"]
[Date "2008.05.17"]
[Round "1"]
[White "Simone, Marco"]
[Black "Diotallevi, Maurizio"]
[Result "1/2-1/2"]
[WhiteElo "1867"]
[BlackElo "2096"]
[PlyCount "110"]
[EventDate "2008.05.17"]

1. e4 e6 2. d4 d5 3. Nc3 Bb4 4. e5 c5 5. a3 Bxc3+ 6. bxc3 Nc6 7. Nf3 Nge7 8.
Bd3 Qa5 9. O-O c4 10. Be2 Bd7 11. Bd2 O-O-O 12. Qc1 Ng6 13. Ng5 Rdf8 14. f4
Nce7 15. Qb2 f6 16. Nf3 Nc6 17. a4 Nge7 18. Rfb1 b6 19. Qa3 Kd8 20. Bc1 Qa6 21.
Qa2 Na5 22. Ba3 Re8 23. Bd6 Nb7 24. Bb4 Nc6 25. Nd2 Nba5 26. exf6 gxf6 27. Bh5
Reg8 28. Re1 Rg7 29. f5 e5 30. dxe5 Nxe5 31. Rxe5 fxe5 32. f6 Rg5 33. Bf7 Qb7
34. Nf3 Rf5 35. Be7+ Kc8 36. Re1 e4 37. Nd4 Rxf6 38. Bxf6 Rf8 39. Bxd5 Qxd5 40.
Bh4 Rg8 41. Re3 Nc6 42. Nxc6 Bxc6 43. Be1 h5 44. Qa3 Re8 45. Qb4 Kb7 46. a5 b5
47. Bg3 Qd2 48. Qc5 Qd5 49. Qd6 Qxd6 50. Bxd6 Rd8 51. Bb4 Rd2 52. h3 Rd7 53.
Kh2 Rg7 54. g3 a6 55. Bc5 Rg6 1/2-1/2

[Event "II Festival Capo d'Orso"]
[Site "Portomannu - Palau ITA"]
[Date "2008.05.17"]
[Round "1"]
[White "Sprotte, Norbert"]
[Black "Scalcione, Michelangelo"]
[Result "1/2-1/2"]
[WhiteElo "2217"]
[BlackElo "2455"]
[PlyCount "156"]
[EventDate "2008.05.17"]

1. d4 d6 2. e4 Nf6 3. Nc3 e5 4. dxe5 dxe5 5. Qxd8+ Kxd8 6. Bg5 Be6 7. O-O-O+
Nbd7 8. f4 exf4 9. Nge2 Kc8 10. Nxf4 Bg4 11. Re1 Ne5 12. h3 Be6 13. Ncd5 Nfd7
14. Nxe6 fxe6 15. Ne3 h6 16. Bf4 Bd6 17. Bh2 Kd8 18. Bg1 Rf8 19. Bd3 Ke7 20.
Nc4 Nxc4 21. Bxc4 Ne5 22. Bd3 c5 23. Be3 c4 24. Be2 Rac8 25. Rhf1 Bc5 26. Bd2
b5 27. Rxf8 Rxf8 28. Rf1 Rd8 29. Bc3 Bd6 30. a3 Rg8 31. Bh5 g6 32. Be2 Ra8 33.
Ba5 Nc6 34. Bd2 Rh8 35. Be3 a6 36. c3 g5 37. Kc2 Rg8 38. Bh5 Bg3 39. Bc5+ Kd7
40. Rd1+ Kc7 41. Bf7 Rd8 42. Bxe6 Bd6 43. Be3 Rf8 44. Bf5 Ne5 45. g4 Nd3 46.
Rh1 Bg3 47. Bd4 Rd8 48. e5 Nxe5 49. Bxe5+ Bxe5 50. Rd1 Bd6 51. Rd4 Re8 52. Re4
Be5 53. a4 Kd6 54. axb5 axb5 55. Re1 Rb8 56. Rd1+ Kc5 57. Re1 Bf4 58. Re2 b4
59. cxb4+ Rxb4 60. Re8 Kd5 61. Rd8+ Bd6 62. Bg6 Kc5 63. Bf7 Bf4 64. Rc8+ Kd4
65. Rc6 Be5 66. b3 cxb3+ 67. Bxb3 Ke3 68. Rxh6 Rf4 69. Be6 Rb4 70. Bb3 Rf4 71.
Be6 Rf2+ 72. Kb3 Rh2 73. Kc4 Kf4 74. Rh7 Rc2+ 75. Kd5 Rd2+ 76. Kc4 Rh2 77. Kd5
Rd2+ 78. Kc4 Rh2 1/2-1/2

[Event "II Festival Capo d'Orso"]
[Site "Portomannu - Palau ITA"]
[Date "2008.05.17"]
[Round "1"]
[White "Tricerri, Pierino"]
[Black "Graziani, Sergio"]
[Result "0-1"]
[WhiteElo "1512"]
[BlackElo "1694"]
[PlyCount "42"]
[EventDate "2008.05.17"]

1. d4 Nf6 2. Nc3 d5 3. f3 Bf5 4. Bg5 Nbd7 5. e3 c6 6. Bd3 Bxd3 7. Qxd3 e5 8. e4
exd4 9. Qxd4 Bc5 10. Qd1 Bxg1 11. Rxg1 Qb6 12. Ne2 dxe4 13. Qc1 O-O 14. Be3 Qc7
15. Rh1 Rfe8 16. Qd2 exf3 17. gxf3 Nd5 18. O-O-O Nxe3 19. Qxd7 Qa5 20. Kb1 Nxd1
21. Rxd1 Rad8 0-1

[Event "II Festival Capo d'Orso"]
[Site "Portomannu - Palau ITA"]
[Date "2008.05.17"]
[Round "1"]
[White "Venturino, Federico"]
[Black "Ori, Marco"]
[Result "0-1"]
[WhiteElo "1913"]
[BlackElo "2141"]
[PlyCount "90"]
[EventDate "2008.05.17"]

1. d4 Nf6 2. c4 g6 3. Nf3 Bg7 4. Nc3 d5 5. Bf4 O-O 6. h3 c5 7. e3 Nc6 8. Be2
cxd4 9. Nxd4 Nxd4 10. Qxd4 dxc4 11. Qxc4 Qb6 12. Qb5 Qxb5 13. Bxb5 Be6 14. O-O
Nd5 15. Nxd5 Bxd5 16. Rfd1 e6 17. Bd6 Rfc8 18. Ba3 Rc7 19. Bd3 Rac8 20. e4 Bc4
21. Bd6 Rc6 22. Bxc4 Rxc4 23. e5 Rc2 24. f4 Rxb2 25. Ba3 Rbc2 26. Rd7 Bh6 27.
Rad1 Re8 28. Rxb7 Bxf4 29. Rdd7 Bxe5 30. Rxf7 Rd8 31. Rfd7 Bd4+ 32. Kf1 Rxd7
33. Rxd7 e5 34. Rd8+ Kf7 35. Rd7+ Ke6 36. Rxh7 Rf2+ 37. Ke1 Rxg2 38. Rh6 Kf5
39. h4 Rxa2 40. Be7 Rh2 41. Rh8 Ke4 42. Rg8 Kd3 43. Kf1 Rf2+ 44. Ke1 Rg2 45.
Kf1 Rg1# 0-1

[Event "II Festival Capo d'Orso"]
[Site "Portomannu - Palau ITA"]
[Date "2008.05.17"]
[Round "1"]
[White "Venturino, Marco"]
[Black "Molinas Garcia, Francisco"]
[Result "1-0"]
[WhiteElo "2173"]
[BlackElo "1949"]
[PlyCount "49"]
[EventDate "2008.05.17"]

1. d4 d5 2. c4 e5 3. dxe5 d4 4. Nf3 c5 5. e3 Nc6 6. a3 Bg4 7. Be2 Bf5 8. exd4
cxd4 9. Bd3 Bg4 10. O-O Qc7 11. h3 Be6 12. Re1 Nge7 13. Bf4 Ng6 14. Bg3 Be7 15.
Nbd2 h5 16. b4 h4 17. Bh2 O-O-O 18. c5 Rh5 19. Nc4 Qd7 20. b5 Nb8 21. Nd6+ Kc7
22. b6+ axb6 23. Nxd4 bxc5 24. N4b5+ Kb6 25. Qxh5 1-0